Tramwaje Warszawa- Linia 18 (przystanki) - Statystyki

Ogólne statystyki
  • Ten quiz został rozwiązany 99 razy
  • Średni wynik to 26 z 41
Statystyki odpowiedzi
Numer przystanku Nazwa przystanku % Poprawnych
41. Żerań FSO
84%
23. Centrum
79%
1. PKP Służewiec
79%
2. PKP Służewiec
79%
27. Metro Ratusz Arsenał
78%
24. Metro Świętokrzyska
78%
26. Plac Bankowy
74%
25. Królewska
71%
32 Most Gdański
71%
21. Plac Konstytucji
69%
28. Muranów
68%
5. Rondo Unii Europejskiej
68%
22. Hoża
66%
8. Woronicza
66%
20. Plac Zbawiciela
65%
34. Rondo Starzyńskiego
65%
30. KS Polonia
63%
11. Metro Wierzbno
63%
16. Morskie Oko
63%
29. Muranowska
63%
36. PIMot
63%
10. Telewizja Polska
63%
33. Wybrzeże Helskie
63%
6. Domaniewska
62%
31. Park Traugutta
62%
19. Plac Unii Lubelskiej
62%
4. Postępu
62%
12. Królikarnia
60%
13. Królikarnia
60%
18. Rakowiecka
60%
9. Samochodowa
60%
3. Wynalazek
60%
40. Dyrekcja FSO
57%
15. Park Dreszera
57%
17. Dworkowa
54%
35. Golędzinów
51%
7. Konstruktorska
51%
14. Malczewskiego
51%
38. Śliwice
49%
39. Budzińskiej-Tylickiej
47%
37. Batalionu Platerówek
43%
Nie znaleziono quizów pasujących do podanych kryteriów
Rozkład punktacji
Procent ludzi z każdym wynikiem
Percentyl według liczby udzielonych odpowiedzi
Twoja historia wyników
Nie rozwiązałeś tego quizu